LIBRARY & INFORMATION CENTRE, KCAET, TAVANUR

ONLINE PUBLIC ACCESS CATALOGUE (OPAC)

Pranayampole neela | പ്രണയംപോലെ നീല (Record no. 17616)

MARC details
000 -LEADER
fixed length control field 00413nam a22001577a 4500
003 - CONTROL NUMBER IDENTIFIER
control field OSt
008 - FIXED-LENGTH DATA ELEMENTS--GENERAL INFORMATION
fixed length control field 230221b |||||||| |||| 00| 0 eng d
041 ## - LANGUAGE CODE
Language code of text/sound track or separate title eng
082 ## - DEWEY DECIMAL CLASSIFICATION NUMBER
Classification number 894.812 3
Item number HAR/PR
100 ## - MAIN ENTRY--AUTHOR NAME
Personal name Hardy, Thomas
245 ## - TITLE STATEMENT
Title Pranayampole neela
Remainder of title പ്രണയംപോലെ നീല
250 ## - EDITION STATEMENT
Edition statement 3rd
260 ## - PUBLICATION, DISTRIBUTION, ETC. (IMPRINT)
Place of publication Thiruvananthapuran
Name of publisher Chintha Publishers
Year of publication 2023
300 ## - PHYSICAL DESCRIPTION
Number of Pages 288
942 ## - ADDED ENTRY ELEMENTS (KOHA)
Koha item type Books
Holdings
Withdrawn status Lost status Damaged status Home library Current library Date acquired Full call number Accession Number Koha item type
      KAUAET KAUAET 21/02/2023 894.812 3 HAR/PR 26076 Books
free website counter